[Event "Scarborough CC Howard Ridout"]
[Site "Toronto"]
[Date "2018.10.25"]
[Round "7.2"]
[White "Zhao, Jeffrey R"]
[Black "Noorali, Aahil"]
[Result "0-1"]
[WhiteElo "1905"]
[BlackElo "2023"]
[PlyCount "64"]
[EventDate "2018.09.13"]
[EventType "swiss"]
[EventRounds "7"]
[EventCountry "CAN"]
[SourceTitle "EXT 2022"]
[Source "ChessBase"]
[SourceDate "2021.10.06"]
[SourceVersion "1"]
[SourceVersionDate "2021.10.06"]
[SourceQuality "1"]

1. e4 e5 2. Nf3 Nc6 3. Bc4 Bc5 4. 0-0 d6 5. c3 Bb6 6. d3 Nf6 7. Re1 h6 8. b4 g5 9. a4 a6 10. a5 Ba7 11. b5 axb5 12. Bxb5 Bd7 13. d4 g4 14. Nh4 exd4 15. e5 Nxe5 16. cxd4 Bxb5 17. dxe5 Kf8 18. Nc3 Bc6 19. Ba3 Nd5 20. Nxd5 Qxh4 21. g3 Bxf2+ 22. Kxf2 Qxh2+ 23. Ke3 Qxg3+ 24. Kd4 Bxd5 25. Kxd5 Rxa5+ 26. Kc4 Rxa3 27. Rxa3 Qxa3 28. exd6 cxd6 29. Qb1 Qc5+ 30. Kd3 Qf5+ 31. Re4 d5 32. Qb4+ Kg8 0-1

[Event "CAN-ch U12"]
[Site "Quebec"]
[Date "2018.07.05"]
[Round "7.65"]
[White "Noorali, Aahil"]
[Black "Liu, Henry"]
[Result "1-0"]
[WhiteElo "2062"]
[BlackElo "1545"]
[PlyCount "91"]
[EventDate "2018.07.02"]
[EventType "swiss"]
[EventRounds "7"]
[EventCountry "CAN"]
[SourceTitle "EXT 2022"]
[Source "ChessBase"]
[SourceDate "2021.10.06"]
[SourceVersion "1"]
[SourceVersionDate "2021.10.06"]
[SourceQuality "1"]

1. d4 Nf6 2. c4 g6 3. Nc3 Bg7 4. e4 d6 5. f3 0-0 6. Be3 Nc6 7. Nge2 a6 8. a4 Na5 9. Qd3 e5 10. d5 c5 11. dxc6 Nxc6 12. 0-0-0 Be6 13. b3 Na5 14. Kb2 Rc8 15. Nc1 Re8 16. Qxd6 Qxd6 17. Rxd6 Bf8 18. Rd1 Bb4 19. N1a2 Bc5 20. Bxc5 Rxc5 21. Nb4 Rcc8 22. Rd6 Red8 23. Rxd8+ Rxd8 24. Nbd5 Kg7 25. Be2 Nc6 26. Rd1 Nd4 27. Bf1 Nd7 28. Ne2 Nxe2 29. Bxe2 a5 30. Nb6 Kf6 31. c5 Ke7 32. Nxd7 Bxd7 33. Bb5 f5 34. Bxd7 Rxd7 35. Rxd7+ Kxd7 36. Kc3 f4 37. Kc4 Kc6 38. b4 axb4 39. Kxb4 g5 40. Kc4 h6 41. Kb4 h5 42. Kc4 g4 43. h4 gxf3 44. gxf3 b6 45. cxb6 Kxb6 46. Kd5 1-0

[Event "CAN-ch U12"]
[Site "Quebec"]
[Date "2018.07.04"]
[Round "6.64"]
[White "Srinivas, Atharva"]
[Black "Noorali, Aahil"]
[Result "1/2-1/2"]
[WhiteElo "1567"]
[BlackElo "2062"]
[PlyCount "123"]
[EventDate "2018.07.02"]
[EventType "swiss"]
[EventRounds "7"]
[EventCountry "CAN"]
[SourceTitle "EXT 2022"]
[Source "ChessBase"]
[SourceDate "2021.10.06"]
[SourceVersion "1"]
[SourceVersionDate "2021.10.06"]
[SourceQuality "1"]

1. e4 e5 2. Nf3 Nc6 3. Bb5 a6 4. Ba4 Nf6 5. 0-0 b5 6. Bb3 d6 7. Re1 Be7 8. h3 0-0 9. c3 Na5 10. Bc2 c5 11. d4 Qc7 12. Nbd2 Bd7 13. d5 Rab8 14. Nf1 Nb7 15. Ng3 Qd8 16. Bd2 a5 17. a4 b4 18. c4 Ne8 19. b3 Qc8 20. Nh2 Bh4 21. Nhf1 g6 22. Qe2 Ng7 23. Bh6 Qd8 24. Rad1 Bg5 25. Bxg5 Qxg5 26. Qd2 h6 27. Qxg5 hxg5 28. f3 Kh7 29. Nh2 Nh5 30. Nxh5 gxh5 31. g4 Kg6 32. Kg2 Rh8 33. Rf1 Rh7 34. Rd3 f6 35. Rf2 Rbh8 36. Nf1 Nd8 37. Bd1 Kg7 38. Nd2 Nf7 39. Be2 Rh6 40. Bf1 R8h7 41. Kg1 Nh8 42. Bg2 Ng6 43. Re3 Nf4 44. Nf1 hxg4 45. hxg4 Rh4 46. Rd2 Kg6 47. Rf2 Nxg2 48. Kxg2 Rh1 49. Rd2 R1h4 50. Rf2 Rh3 51. Rfe2 R3h4 52. Rf2 Re7 53. Rfe2 Reh7 54. Re1 Kf7 55. R1e2 Rh8 56. Rf2 Re8 57. Rfe2 Ke7 58. Rf2 Reh8 59. Rfe2 Rh1 60. Rf2 R8h3 61. Rfe2 Rh7 62. Re1 1/2-1/2

[Event "CAN-ch U12"]
[Site "Quebec"]
[Date "2018.07.03"]
[Round "3.61"]
[White "Noorali, Aahil"]
[Black "Windram, James"]
[Result "1/2-1/2"]
[WhiteElo "2062"]
[BlackElo "1803"]
[PlyCount "59"]
[EventDate "2018.07.02"]
[EventType "swiss"]
[EventRounds "7"]
[EventCountry "CAN"]
[SourceTitle "EXT 2022"]
[Source "ChessBase"]
[SourceDate "2021.10.06"]
[SourceVersion "1"]
[SourceVersionDate "2021.10.06"]
[SourceQuality "1"]

1. d4 Nf6 2. c4 c5 3. d5 e6 4. Nc3 exd5 5. cxd5 d6 6. e4 g6 7. Bd3 Bg7 8. Bf4 Nh5 9. Bg3 a6 10. Nge2 b5 11. a3 Qe7 12. b4 c4 13. Bc2 f5 14. f3 fxe4 15. Bxe4 Bf5 16. 0-0 Nxg3 17. hxg3 0-0 18. a4 Nd7 19. Qd2 Bxe4 20. fxe4 Rxf1+ 21. Rxf1 bxa4 22. Qe3 Rb8 23. Rb1 Nb6 24. Ra1 Qe8 25. Ra2 Be5 26. Nd4 Bxd4 27. Qxd4 Qd7 28. Kh2 Qg7 29. Qe3 Qe5 30. Kg1 1/2-1/2

[Event "Mississauga Golden Horseshoe op"]
[Site "Mississauga"]
[Date "2018.06.03"]
[Round "5"]
[White "Noorali, Aahil"]
[Black "Rusonik, Max"]
[Result "1-0"]
[WhiteElo "1852"]
[BlackElo "1775"]
[PlyCount "65"]
[EventDate "2018.06.02"]
[EventType "swiss"]
[EventRounds "5"]
[EventCountry "CAN"]
[SourceTitle "EXT 2019"]
[Source "ChessBase"]
[SourceDate "2018.10.10"]
[SourceVersion "1"]
[SourceVersionDate "2018.10.10"]
[SourceQuality "1"]

1. d4 f5 2. c4 Nf6 3. Nc3 g6 4. g3 Bg7 5. Bg2 0-0 6. Nf3 d6 7. Qb3 Na6 8. 0-0 Qe8 9. Re1 c5 10. d5 Rb8 11. Nb5 Bd7 12. a4 Nb4 13. Nxa7 Ra8 14. Nb5 Bxb5 15. cxb5 Nbxd5 16. Ng5 e6 17. Rd1 Rc8 18. Qc4 Ra8 19. Nxe6 Nb6 20. Nxg7+ Kxg7 21. Qc2 d5 22. Bf4 Ne4 23. Bxe4 Qxe4 24. Qxc5 Nxa4 25. Qxd5 Qxd5 26. Rxd5 Nb6 27. Rxa8 Rxa8 28. Rc5 Rc8 29. Bc7 Nd7 30. Be5+ Nxe5 31. Rxc8 Kf6 32. Rc7 b6 33. f4 1-0

[Event "Mississauga Golden Horseshoe op"]
[Site "Mississauga"]
[Date "2018.06.03"]
[Round "4"]
[White "Xu, Daniel"]
[Black "Noorali, Aahil"]
[Result "0-1"]
[WhiteElo "1875"]
[BlackElo "1852"]
[PlyCount "78"]
[EventDate "2018.06.02"]
[EventType "swiss"]
[EventRounds "5"]
[EventCountry "CAN"]
[SourceTitle "EXT 2019"]
[Source "ChessBase"]
[SourceDate "2018.10.10"]
[SourceVersion "1"]
[SourceVersionDate "2018.10.10"]
[SourceQuality "1"]

1. d4 Nf6 2. c4 e6 3. Nf3 b6 4. e3 Bb7 5. Bd3 d5 6. b3 Bb4+ 7. Bd2 Qe7 8. a3 Bxd2+ 9. Nbxd2 Nbd7 10. 0-0 0-0 11. Qc2 c5 12. Ne5 h6 13. f4 Rac8 14. f5 dxc4 15. Ndxc4 cxd4 16. fxe6 Nxe5 17. exd4 Nxc4 18. exf7+ Rxf7 19. Bxc4 Bd5 20. Rae1 Qd7 21. Qd3 Bxc4 22. bxc4 Qc7 23. Rc1 Ng4 24. Qh3 Rf4 25. Rcd1 Rcf8 26. Rfe1 Qxc4 27. Qd3 Qxd3 28. Rxd3 Nf2 29. Rf3 Ng4 30. Rd3 Nf2 31. Rf3 Rxf3 32. gxf3 Nh3+ 33. Kg2 Nf4+ 34. Kg3 g5 35. Re7 Rf7 36. Re4 Rd7 37. h4 Rxd4 38. Re7 gxh4+ 39. Kf2 h3 0-1

[Event "Scarborough CC-ch"]
[Site "Toronto"]
[Date "2018.05.17"]
[Round "7"]
[White "Southam, David"]
[Black "Noorali, Aahil"]
[Result "1-0"]
[WhiteElo "2059"]
[BlackElo "1795"]
[PlyCount "207"]
[EventDate "2018.04.05"]
[EventType "swiss"]
[EventRounds "8"]
[EventCountry "CAN"]
[SourceTitle "EXT 2024"]
[Source "ChessBase"]
[SourceDate "2023.10.10"]
[SourceVersion "1"]
[SourceVersionDate "2023.10.10"]
[SourceQuality "1"]

1. d4 Nf6 2. c4 e6 3. Nc3 d5 4. cxd5 exd5 5. Bg5 Be7 6. e3 Nbd7 7. Bd3 b6 8. Nf3 Bb7 9. h3 0-0 10. Rc1 Rc8 11. 0-0 c6 12. Bf4 Re8 13. a3 Nf8 14. b4 Bd6 15. Ne5 Ng6 16. Nxg6 hxg6 17. Bxd6 Qxd6 18. Qb3 g5 19. Qd1 Rc7 20. Qf3 Bc8 21. Bf5 g6 22. Bxc8 Rcxc8 23. Rc2 Kg7 24. Rfc1 Qd7 25. Ne2 Rh8 26. g4 Ne4 27. Ng3 Nxg3 28. Qxg3 b5 29. Qe5+ f6 30. Qg3 Qe6 31. Kf1 Kf7 32. Ke2 Ke7 33. Kd2 Qd6 34. Qf3 Kd7 35. Rc5 Qe6 36. a4 a6 37. Ra1 Ra8 38. Rc2 f5 39. Rca2 fxg4 40. Qxg4 bxa4 41. Rxa4 Qxg4 42. hxg4 Rhb8 43. Rxa6 Rxa6 44. Rxa6 Rxb4 45. Ke2 Rb2+ 46. Kf3 Rb8 47. Ra7+ Ke6 48. Rc7 Kd6 49. Rg7 Rf8+ 50. Kg3 Rf6 51. Rg8 Re6 52. Kh2 Rf6 53. Kg2 Kd7 54. Kg3 Re6 55. Ra8 Kc7 56. Ra3 Re4 57. f3 Re8 58. Ra7+ Kd6 59. Kf2 Rf8 60. Rg7 Rf6 61. Rg8 Kd7 62. Ke2 Kc7 63. Re8 Kd6 64. Re5 c5 65. Rxg5 c4 66. Re5 Rf8 67. Rg5 Rf6 68. f4 Re6 69. Re5 Rf6 70. Kd2 Rf8 71. Rg5 Rf6 72. Kc3 Kc6 73. Re5 Kd6 74. Re8 Rf7 75. Rg8 Rf6 76. Re8 Rf7 77. Re5 Rf6 78. Kb4 Rf8 79. Rg5 Rf6 80. f5 gxf5 81. gxf5 Kd7 82. e4 dxe4 83. Kxc4 Kd6 84. Rh5 Kc6 85. d5+ Kd6 86. Kd4 e3 87. Kxe3 Ke5 88. Rg5 Kxd5 89. Kf4 Kd4 90. Rg1 Kd5 91. Rd1+ Kc6 92. Kg5 Rf8 93. f6 Rg8+ 94. Kf5 Rg2 95. f7 Rf2+ 96. Kg6 Rg2+ 97. Kf6 Rf2+ 98. Kg7 Rg2+ 99. Kf8 Rg3 100. Rh1 Kd7 101. Rh8 Ke6 102. Ke8 Ra3 103. Rh6+ Ke5 104. f8Q 1-0

[Event "Scarborough CC Winter Swiss"]
[Site "Toronto"]
[Date "2018.03.29"]
[Round "6.3"]
[White "Hay, Jonathan"]
[Black "Noorali, Aahil"]
[Result "1/2-1/2"]
[WhiteElo "2181"]
[BlackElo "1972"]
[PlyCount "86"]
[EventDate "2018.02.22"]
[EventType "swiss"]
[EventRounds "6"]
[EventCountry "CAN"]
[SourceTitle "EXT 2022"]
[Source "ChessBase"]
[SourceDate "2021.10.06"]
[SourceVersion "1"]
[SourceVersionDate "2021.10.06"]
[SourceQuality "1"]

1. d4 Nf6 2. Bf4 e6 3. e3 d5 4. Nd2 Bd6 5. Bg3 Qe7 6. Ngf3 Bxg3 7. hxg3 Nbd7 8. c4 c6 9. Qc2 h6 10. cxd5 exd5 11. Bd3 c5 12. dxc5 Nxc5 13. Bb5+ Bd7 14. Bxd7+ Nfxd7 15. 0-0 0-0 16. Rac1 Ne6 17. Qb3 Nb6 18. Rfe1 Rac8 19. Nb1 Nc5 20. Qb4 Qe4 21. Qd2 Rfd8 22. Nc3 Qf5 23. Nd4 Qe5 24. Nf3 Qe6 25. b3 Qf6 26. Qd4 Qxd4 27. Nxd4 Ne4 28. Nce2 Rxc1 29. Rxc1 Rc8 30. Rxc8+ Nxc8 31. Nb5 Kf8 32. f3 Nf6 33. Nf4 Ke7 34. Kf2 Kd7 35. Nd3 a6 36. Nd4 Nd6 37. Ke2 g6 38. Kd2 Kc7 39. Kc3 Nd7 40. Nb4 Nf6 41. Nd3 Nd7 42. Nb4 Nf6 43. Nd3 Nd7 1/2-1/2

[Event "Scarborough CC Jack Frost"]
[Site "Toronto"]
[Date "2018.02.15"]
[Round "6.2"]
[White "Noorali, Aahil"]
[Black "Yie, Kevin Yi Xiao"]
[Result "0-1"]
[WhiteElo "2097"]
[BlackElo "2028"]
[PlyCount "130"]
[EventDate "2018.01.11"]
[EventType "swiss"]
[EventRounds "6"]
[EventCountry "CAN"]
[SourceTitle "EXT 2022"]
[Source "ChessBase"]
[SourceDate "2021.10.06"]
[SourceVersion "1"]
[SourceVersionDate "2021.10.06"]
[SourceQuality "1"]

1. d4 d5 2. c4 e6 3. Nc3 Nf6 4. cxd5 exd5 5. Bg5 Be7 6. e3 c6 7. Bd3 Bg4 8. f3 Bh5 9. Nge2 Bg6 10. 0-0 0-0 11. Bxf6 Bxf6 12. Bxg6 hxg6 13. e4 dxe4 14. fxe4 Na6 15. e5 Bg5 16. Ne4 Qe7 17. Qb3 Bh6 18. Nd6 Rab8 19. Rf3 Qe6 20. Nxf7 Qxb3 21. Nxh6+ gxh6 22. Rxb3 Nc7 23. Rf1 Nd5 24. Rxf8+ Kxf8 25. Rf3+ Ke7 26. Ng3 c5 27. dxc5 Ke6 28. Nf1 Rc8 29. b4 Kxe5 30. a3 a5 31. Ne3 axb4 32. axb4 Nxb4 33. Nc4+ Kd4 34. Nb6 Rc6 35. Na4 Nd5 36. Rb3 Ra6 37. Nb6 Nxb6 38. cxb6 Kc5 39. Kf2 Rxb6 40. Rc3+ Kd4 41. Rc2 Re6 42. Rb2 b6 43. Rb4+ Kc5 44. Rh4 g5 45. Rg4 b5 46. h4 gxh4 47. Rxh4 b4 48. Rh5+ Kc4 49. Ra5 b3 50. Ra8 Kc3 51. Rc8+ Kb2 52. Kf3 Kb1 53. g4 b2 54. Kf4 Re2 55. Kf5 Rc2 56. Re8 Rc6 57. Re1+ Ka2 58. Re2 Ka1 59. Re8 b1Q+ 60. Re4 Rc4 61. Kf6 Qxe4 62. Kg7 Qe6 63. g5 hxg5 64. Kh8 Qe7 65. Kg8 Rc8# 0-1

[Event "CAN-ch U20"]
[Site "Mississauga"]
[Date "2017.08.10"]
[Round "2"]
[White "Li, William"]
[Black "Noorali, Aahil"]
[Result "1-0"]
[WhiteElo "1958"]
[BlackElo "1793"]
[PlyCount "85"]
[EventDate "2017.08.09"]
[EventType "swiss"]
[EventRounds "9"]
[EventCountry "CAN"]
[SourceTitle "CBM 180 Extra"]
[Source "ChessBase"]
[SourceDate "2017.10.06"]
[SourceVersion "1"]
[SourceVersionDate "2017.10.06"]
[SourceQuality "1"]

1. e4 e5 2. Nf3 Nc6 3. Bb5 a6 4. Ba4 Nf6 5. 0-0 Be7 6. Re1 b5 7. Bb3 d6 8. h3 0-0 9. c3 Na5 10. Bc2 c5 11. d4 cxd4 12. cxd4 Bb7 13. d5 Re8 14. Nbd2 Bf8 15. b4 Nc4 16. Nxc4 bxc4 17. Bg5 Be7 18. Ba4 Rf8 19. Rc1 Rc8 20. Bxf6 Bxf6 21. Qe2 Bg5 22. Nxg5 Qxg5 23. Rxc4 f5 24. Bd7 Rxc4 25. Qxc4 Qd2 26. Be6+ Kh8 27. Re2 Qd1+ 28. Kh2 fxe4 29. Rxe4 Qb1 30. Rg4 g6 31. Qc7 Ba8 32. Qxd6 Rf6 33. Qd8+ Kg7 34. Qe7+ Kh6 35. Qxf6 Qd1 36. Rh4+ Qh5 37. Rxh5+ Kxh5 38. g4+ Kh6 39. g5+ Kh5 40. Bg4+ Kh4 41. f4 exf4 42. Qxf4 Bxd5 43. Bf3# 1-0

[Event "CAN-ch U12"]
[Site "Sault Ste Marie"]
[Date "2017.07.07"]
[Round "3.56"]
[White "Noorali, Aahil"]
[Black "Wu, Tony"]
[Result "1-0"]
[WhiteElo "2043"]
[BlackElo "1734"]
[PlyCount "83"]
[EventDate "2017.07.06"]
[EventType "swiss"]
[EventRounds "7"]
[EventCountry "CAN"]
[SourceTitle "EXT 2022"]
[Source "ChessBase"]
[SourceDate "2021.10.06"]
[SourceVersion "1"]
[SourceVersionDate "2021.10.06"]
[SourceQuality "1"]

1. d4 Nf6 2. c4 e6 3. Nc3 Bb4 4. e3 0-0 5. Nge2 d6 6. a3 Bxc3+ 7. Nxc3 Nbd7 8. Bd3 b6 9. 0-0 Bb7 10. f3 c5 11. Nb5 Qe7 12. Qe1 a6 13. Nc3 Rac8 14. Qg3 d5 15. cxd5 Nxd5 16. Nxd5 exd5 17. Bd2 f5 18. Rfe1 Qf6 19. Bc3 c4 20. Bc2 Rce8 21. b3 b5 22. a4 Nb6 23. axb5 axb5 24. Rab1 Bc6 25. e4 fxe4 26. fxe4 b4 27. e5 Qe7 28. bxc4 bxc3 29. Rxb6 Qa7 30. c5 Re6 31. Qxc3 Qf7 32. Qe3 Qf4 33. Qxf4 Rxf4 34. Ba4 Rxd4 35. Bxc6 Kf8 36. Rf1+ Rf6 37. exf6 gxf6 38. Rb7 Kg8 39. Ra1 Rd1+ 40. Rxd1 h5 41. Rxd5 h4 42. Rd8# 1-0

[Event "CAN-ch U12"]
[Site "Sault Ste Marie"]
[Date "2017.07.07"]
[Round "4.54"]
[White "Zhao, Ian"]
[Black "Noorali, Aahil"]
[Result "1/2-1/2"]
[WhiteElo "1930"]
[BlackElo "2043"]
[PlyCount "89"]
[EventDate "2017.07.06"]
[EventType "swiss"]
[EventRounds "7"]
[EventCountry "CAN"]
[SourceTitle "EXT 2022"]
[Source "ChessBase"]
[SourceDate "2021.10.06"]
[SourceVersion "1"]
[SourceVersionDate "2021.10.06"]
[SourceQuality "1"]

1. e4 e5 2. Nf3 Nc6 3. Bc4 Bc5 4. c3 Nf6 5. d3 d6 6. 0-0 0-0 7. Nbd2 Bb6 8. h3 Ne7 9. Re1 Ng6 10. Nf1 h6 11. Ng3 Re8 12. Bb3 c6 13. Qc2 d5 14. Bd2 Qc7 15. Rad1 Bd7 16. Bc1 Rad8 17. Nf5 Bc8 18. a4 dxe4 19. dxe4 Rxd1 20. Rxd1 Rd8 21. Ng3 Rxd1+ 22. Qxd1 Qd7 23. Qxd7 Bxd7 24. Bc4 Bc7 25. Be3 b5 26. Bb3 bxa4 27. Bxa4 Bb6 28. Bxb6 axb6 29. b4 c5 30. Bxd7 Nxd7 31. b5 Nf6 32. c4 Ne8 33. Nf5 Kf8 34. Kf1 f6 35. g3 Ne7 36. Nxe7 Kxe7 37. Nd2 Nd6 38. f3 Ke6 39. Ke2 g6 40. Kf2 f5 41. Ke2 fxe4 42. fxe4 g5 43. Kf3 Ne8 44. Ke3 Nd6 45. Kf3 1/2-1/2

[Event "CAN-ch U12"]
[Site "Sault Ste Marie"]
[Date "2017.07.06"]
[Round "2.56"]
[White "Gao, Raymond"]
[Black "Noorali, Aahil"]
[Result "0-1"]
[WhiteElo "1537"]
[BlackElo "2043"]
[PlyCount "98"]
[EventDate "2017.07.06"]
[EventType "swiss"]
[EventRounds "7"]
[EventCountry "CAN"]
[SourceTitle "EXT 2022"]
[Source "ChessBase"]
[SourceDate "2021.10.06"]
[SourceVersion "1"]
[SourceVersionDate "2021.10.06"]
[SourceQuality "1"]

1. e4 e5 2. Nf3 Nc6 3. Bc4 Bc5 4. c3 Nf6 5. d3 d6 6. 0-0 0-0 7. Nbd2 Bb6 8. h3 Be6 9. Bb3 h6 10. Re1 Re8 11. Nf1 Bxb3 12. axb3 d5 13. Be3 d4 14. Bd2 Qd7 15. Qc2 Rad8 16. Rad1 Nh5 17. Kh2 dxc3 18. Bxc3 Nd4 19. Nxd4 Bxd4 20. Bxd4 exd4 21. Qc5 Qd6+ 22. Qxd6 Rxd6 23. g4 Nf4 24. Kg3 g5 25. Rd2 Rb6 26. Rc1 Rxb3 27. Rxc7 Nxd3 28. f3 Nf4 29. Rf2 d3 30. Rd2 Ne6 31. Rc3 Rxc3 32. bxc3 Nc5 33. Ne3 Rxe4 34. Kf2 Re6 35. Nc4 Rf6 36. Ke3 Re6+ 37. Kf2 b5 38. Nb2 Rd6 39. Ke3 Kf8 40. Nxd3 Rxd3+ 41. Rxd3 Nxd3 42. Kxd3 Ke7 43. f4 gxf4 44. Ke4 a5 45. Kxf4 a4 46. g5 hxg5+ 47. Kxg5 a3 48. h4 a2 49. h5 a1Q 0-1

[Event "CAN-ch U10"]
[Site "Windsor"]
[Date "2016.07.07"]
[Round "5.81"]
[White "Noorali, Aahil"]
[Black "Chen, Max"]
[Result "1/2-1/2"]
[WhiteElo "2070"]
[BlackElo "2007"]
[PlyCount "113"]
[EventDate "2016.07.05"]
[EventType "swiss"]
[EventRounds "7"]
[EventCountry "CAN"]
[SourceTitle "EXT 2022"]
[Source "ChessBase"]
[SourceDate "2021.10.06"]
[SourceVersion "1"]
[SourceVersionDate "2021.10.06"]
[SourceQuality "1"]

1. d4 Nf6 2. c4 g6 3. Nc3 d5 4. cxd5 Nxd5 5. e4 Nxc3 6. bxc3 Bg7 7. Bc4 c5 8. Ne2 0-0 9. 0-0 Nc6 10. Be3 Qc7 11. Rc1 Rd8 12. Qa4 a6 13. Bf4 e5 14. Bg5 Re8 15. d5 Qa5 16. Qxa5 Nxa5 17. Bd3 b6 18. c4 Bd7 19. Bd2 Nb7 20. Rb1 b5 21. cxb5 Bxb5 22. Bxb5 axb5 23. Rxb5 Nd6 24. Rb2 Nxe4 25. Be3 Bf8 26. Rc1 Rec8 27. g3 Ra7 28. f3 Nf6 29. Nc3 Rd7 30. Rd2 c4 31. Bg5 Kg7 32. Kg2 Bb4 33. Rdc2 Bxc3 34. Rxc3 Ra8 35. Bxf6+ Kxf6 36. R1c2 Rxd5 37. Rxc4 Rda5 38. f4 Rxa2 39. Rc6+ Kf5 40. fxe5 Kxe5 41. R6c5+ Kf6 42. Rc6+ Kg7 43. h4 h5 44. Kf3 Rxc2 45. Rxc2 Ra3+ 46. Kf4 Ra4+ 47. Kf3 Rg4 48. Rc6 f5 49. Rc7+ Kh6 50. Rc6 Rd4 51. Re6 Rg4 52. Re1 Ra4 53. Re7 Rg4 54. Re6 Ra4 55. Re7 Ra3+ 56. Kf2 Ra2+ 57. Kf3 1/2-1/2

[Event "Toronto NAYCC U08"]
[Site "Toronto"]
[Date "2013.08.17"]
[Round "7"]
[White "Noorali, Aahil"]
[Black "Pau, Ethan"]
[Result "1/2-1/2"]
[WhiteElo "1332"]
[BlackElo "1535"]
[PlyCount "69"]
[EventDate "2013.08.14"]
[EventType "swiss"]
[EventRounds "9"]
[EventCountry "CAN"]
[SourceTitle "EXT 2022"]
[Source "ChessBase"]
[SourceDate "2021.10.06"]
[SourceVersion "1"]
[SourceVersionDate "2021.10.06"]
[SourceQuality "1"]

1. e4 c5 2. Nf3 d6 3. c3 g6 4. Be2 Bg7 5. d4 cxd4 6. cxd4 Nf6 7. Nc3 0-0 8. 0-0 Re8 9. Bf4 Bg4 10. h3 Bxf3 11. Bxf3 e5 12. dxe5 dxe5 13. Qxd8 Rxd8 14. Bxe5 Nc6 15. Bg3 Rd2 16. b3 Nh5 17. Bxh5 gxh5 18. Rac1 Bxc3 19. Rxc3 Rxa2 20. Rc5 Rb2 21. Rb5 b6 22. Bd6 f6 23. Rxh5 Rxb3 24. Rc1 Nd4 25. Rc4 Nb5 26. Be7 Rb1+ 27. Kh2 Re8 28. Bxf6 Nd6 29. Rc7 Nxe4 30. Bd4 Rd1 31. Rg7+ Kf8 32. Rhxh7 Rxd4 33. Rf7+ Kg8 34. Rfg7+ Kf8 35. Rf7+ 1/2-1/2